Anales de la novela de posguerra.
| New Title: | Anales de la narrativa española contemporánea |
|---|---|
| Corporate Author: | |
| Format: | Serial |
| Language: | English Spanish |
| Language Notes: | In English and Spanish. |
| Published: |
Manhattan, Kan. :
Society of Spanish and Spanish-American Studies,
1976-1978.
Lincoln, Neb. : Society of Spanish and Spanish-American Studies. |
| Subjects: | |
| Online Availability: |
|
MARC
| Tag | First Indicator | Second Indicator | Subfields |
|---|---|---|---|
| LEADER | 00000cas a2200000 a 4500 | ||
| 001 | in00002787904 | ||
| 005 | 20151202172146.0 | ||
| 006 | m o d | ||
| 007 | cr ||||||||||| | ||
| 008 | 100526d19761978nbuar oo 0 0eng c | ||
| 010 | |a 2010235202 | ||
| 022 | |y 0145-2363 | ||
| 029 | 1 | |a NZ1 |b 13447455 | |
| 035 | |a (OCoLC)ocn631409310 | ||
| 035 | |a (OCoLC)631409310 | ||
| 040 | |a EYM |c EYM |d HUL |d OCLCQ |d TXA |d UtOrBLW | ||
| 041 | 0 | |a eng |a spa | |
| 042 | |a pcc | ||
| 049 | |a TXAM | ||
| 050 | 1 | 4 | |a PQ6144 |b .A53 Electronic |
| 245 | 0 | 0 | |a Anales de la novela de posguerra. |
| 246 | 1 | 3 | |a ANP |
| 264 | 1 | |3 1976: |a Manhattan, Kan. : |b Society of Spanish and Spanish-American Studies, |c 1976-1978. | |
| 264 | 1 | |3 1977-1978: |a Lincoln, Neb. : |b Society of Spanish and Spanish-American Studies. | |
| 310 | |a Annual | ||
| 336 | |a text |b txt |2 rdacontent | ||
| 337 | |a computer |b c |2 rdamedia | ||
| 338 | |a online resource |b cr |2 rdacarrier | ||
| 362 | 1 | |a Began with: Vol. 1 (1976); ceased with: Vol. 3 (1978). | |
| 500 | |a Description based on: Volume 1 (1976); title from cover (JSTOR, viewed May 26, 2010). | ||
| 500 | |a Final issue consulted: Volume 3 (1978) (JSTOR, viewed May 26, 2010). | ||
| 546 | |a In English and Spanish. | ||
| 500 | |a Electronic resource. | ||
| 650 | 0 | |a Spanish fiction |y 20th century |x History and criticism |v Periodicals. | |
| 710 | 2 | |a Society of Spanish and Spanish-American Studies. | |
| 776 | 0 | 8 | |i Also issued in print: |t Anales de la novela de posguerra |x 0145-2363 |w (DLC) 77648054 |w (OCoLC)2698078 |
| 785 | 0 | 0 | |t Anales de la narrativa española contemporánea |w (DLC) 2010235201 |w (OCoLC)631410078 |
| 948 | |a cataloged |b h |c 2012/12/20 |d c |e spoltoratski |f 11:33:02 am |g sc | ||
| 994 | |a C0 |b TXA | ||
| 999 | |a MARS | ||
| 999 | f | f | |s e52050b5-91e8-35e9-a1a1-4aca29b50017 |i bd90fee3-5fd5-3d1f-a194-9e6f3c8411a8 |t 0 |
| 952 | f | f | |a Texas A&M University |b College Station |c Electronic Resources |d Available Online |t 0 |e PQ6144 .A53 |g Electronic |h Library of Congress classification |
| 998 | f | f | |a PQ6144 .A53 |t 0 |l Available Online |